00436nam a2200145Ia 4500003000900000008004100009040001600050080001600066100002500082245009500107260004100202300000900243650001800252650002000270IN-BaIIA211028s9999 xx 000 0 eng d cIIA Library a793.32bSAR aVaidyanathan, Saroja 4aThe science of bharata natyamcSaroja Vaidyanathan  aNew DelhibSaroja Vaidyanathanc1984 a80p. aBharatanatyam aClassical dance